000 01034nas a2200325 4500
001 BR2012000681
003 BR-BrBNA
005 20231205120052.0
007 ta
008 230509b bl.|||p| |||| 00| 00por d
040 _aBR-BrBNA
_bpor
_cBiblioteca Nacional de Agricultura
041 _a(Pt)
072 _aF02
100 1 _aLattuada, D.S.
100 1 _aSpier, M.
100 1 _aSouza, P.V.D. de
245 1 _aPré-tratamento com água e doses de ácido indolbutírico para estaquia herbácea de pitangueiras
246 1 _aPre-treatments with water and indole butyric acid dosis for herbaceous cuttings of Surinam cherry
650 _aPITANGA
650 _aEUGENIA UNIFLORA
650 _aMYRTACEAE
650 _aPROPAGAÇÃO VEGETATIVA
650 _aAUXINA
650 _aIDADE
650 _aÁCIDO INDOLBUTÍRICO
650 _aAUXINA
773 0 _tCiência Rural (Brazil)
_xISSN 0103-8478
_g(Dec 2011), v. 41(12) p. 2073-2079
_wBR2012000681
909 _a202311
_bLúcia
_c55
_dLúcia Elande
942 _2AGRIS
_n0
_cANA
999 _c216927
_d216927